header

The rise of the rustbelt (Record no. 805)

MARC details
000 -LEADER
fixed length control field 01356nam a2200349Ia 4500
245 04 - TITLE STATEMENT
Title The rise of the rustbelt
260 ## - PUBLICATION, DISTRIBUTION, ETC. (IMPRINT)
Place of publication London :
Name of publisher UCL Press,
Year of publication 1995.
300 ## - PHYSICAL DESCRIPTION
Number of Pages x, 262 p. :
Other physical details ill., maps.
650 #0 - SUBJECT ADDED ENTRY--TOPICAL TERM
Topical Term Industries
Topical Term Industries
Topical Term Industries
Topical Term Steel industry and trade
Topical Term Iron industry and trade
Topical Term Unemployment
700 1# - ADDED ENTRY--PERSONAL NAME
Personal name Cooke, Philip
856 40 - ELECTRONIC LOCATION AND ACCESS
Uniform Resource Identifier http://site.ebrary.com/lib/rucke/Doc?id=5004632

No items available.

© 2026 Rongo University
Contact us: librarian | system librarian | Rongo university